| 000 | 01129nam a2200433 a 4500 | ||
|---|---|---|---|
| 003 | AR-BaBNM | ||
| 005 | 20251128204239.0 | ||
| 008 | 082120s2002 ||||||||||||||000 | spa|| | ||
| 020 | _a84-206-2067-X | ||
| 040 | _cAR-BaBNM | ||
| 100 | 1 | _aMair, Lucy | |
| 245 | 0 | 0 | _aIntroducción a la antropología social |
| 250 | _a8ª ed. | ||
| 260 |
_aMadrid _bAlianza Editorial _c1986 |
||
| 300 | _a303 p. | ||
| 490 | 0 |
_aAlianza Universidad _vv. 67 |
|
| 500 | _aLecturas sugeridas al final de cada capítulo | ||
| 650 | 4 | _aANTROPOLOGIA CULTURAL Y SOCIAL | |
| 650 | 4 | _aDIFUSION DE LA CULTURA | |
| 650 | 4 | _aDIFERENCIACION SOCIAL | |
| 650 | 4 | _aESTRATIFICACION SOCIAL | |
| 650 | 4 | _aESTRUCTURA SOCIAL | |
| 650 | 4 | _aGRUPOS | |
| 650 | 4 | _aPARENTESCO | |
| 650 | 4 | _aSEXO | |
| 650 | 4 | _aMATRIMONIO | |
| 650 | 4 | _aFAMILIA | |
| 650 | 4 | _aSISTEMAS POLITICOS | |
| 650 | 4 | _aTRIBUS | |
| 650 | 4 | _aCULTURAS AFRICANAS | |
| 650 | 4 | _aRELIGION | |
| 650 | 4 | _aRITOS | |
| 650 | 4 | _aRITUALES | |
| 650 | 4 | _aCREENCIA RELIGIOSA | |
| 651 | 4 | _aAfrica | |
| 700 | 1 |
_aRamírez, Carlos Martín _etraductor |
|
| 942 | _cBK | ||
| 998 | _cMarce | ||
| 999 |
_c6699 _d6699 |
||